| 000 | 00828nab a2200241u 4500 | ||
|---|---|---|---|
| 001 | 12925 | ||
| 003 | HDC | ||
| 007 | c| |||a|c|aaaa | ||
| 008 | 210211b20160324my ||||o |||| 00| 0 eng d | ||
| 040 | _aHDC | ||
| 100 |
_aLeo Kasim / _eauthor _910505 |
||
| 245 | 0 |
_aMore initiatives needed to grow local businesses / _cLeo Kasim |
|
| 336 |
_atext _2rdacontent |
||
| 337 |
_acomputer _2rdamedia |
||
| 338 |
_aonline resource _2rdacarrier |
||
| 650 |
_aAPEC Business Advisory Council (ABAC) _913767 |
||
| 650 |
_aBrunei's halal certification standards _913768 |
||
| 710 | _aThe Brunei Times | ||
| 856 | _zRequest full-text at [email protected] | ||
| 942 | _2lcc | ||
| 942 | _cNEWS | ||
| 942 | _kNWS0 001037 | ||
| 999 |
_c10241 _d10241 |
||